Introduction to artificial intelligence with python / (Record no. 51507)

MARC details
000 -LEADER
fixed length control field 00643nam a2200217Ia 4500
005 - DATE AND TIME OF LATEST TRANSACTION
control field 20260429111932.0
008 - FIXED-LENGTH DATA ELEMENTS--GENERAL INFORMATION
fixed length control field 260429s9999||||xx |||||||||||||| ||und||
020 ## - INTERNATIONAL STANDARD BOOK NUMBER
International Standard Book Number 9789349830769
041 ## - LANGUAGE CODE
Language English
082 ## - DEWEY DECIMAL CLASSIFICATION NUMBER
Classification number 006.3
Item number SIN
100 ## - MAIN ENTRY--PERSONAL NAME
Personal name Singh, Ramesh
245 #0 - TITLE STATEMENT
Title Introduction to artificial intelligence with python /
Statement of responsibility, etc Ramesh Singh
250 ## - EDITION STATEMENT
Edition statement 1st ed.
260 ## - PUBLICATION, DISTRIBUTION, ETC. (IMPRINT)
Place of publication, distribution, etc New Delhi :
Name of publisher, distributor, etc Ane Publishers and Distributors LLP,
Date of publication, distribution, etc 2025.
300 ## - PHYSICAL DESCRIPTION
Extent vii, 348 p.; hb
650 ## - SUBJECT ADDED ENTRY--TOPICAL TERM
Topical term or geographic name as entry element Computer science
650 ## - SUBJECT ADDED ENTRY--TOPICAL TERM
Topical term or geographic name as entry element Machine learning
650 ## - SUBJECT ADDED ENTRY--TOPICAL TERM
Topical term or geographic name as entry element Python (Computer program language)
650 ## - SUBJECT ADDED ENTRY--TOPICAL TERM
Topical term or geographic name as entry element Artificial intelligence
942 ## - ADDED ENTRY ELEMENTS (KOHA)
Koha item type Text Books
Holdings
Withdrawn status Lost status Damaged status Not for loan Collection code Home library Location Shelving location Date of Cataloging Source of acquisition Total Checkouts Full call number Barcode Date last seen Price effective from Koha item type
        Non-fiction CUTN Central Library CUTN Central Library Generalia 29/04/2026 T R Publications, Chennai - Invoice No. TRPHO/2025/CRB/185 on 09-02-2026   006.3 SIN 56526 29/04/2026 29/04/2026 Text Books